[Event "AUTO-INT-1104"]
[Site "http://www.queenalice.com/game.php?id=493807"]
[Date "2008.11.15"]
[Round "1"]
[White "ramgds"]
[Black "QuinhoFogo"]
[Result "0-1"]
[WhiteElo "1459"]
[BlackElo "1700"]

1. e4 e5 2. Qf3 Nf6 3. Qb3 Nxe4 4. Qd5 Nd6 5. Qxe5+ Qe7 6. Qxe7+ Bxe7 7. Nc3 O-O
8. Nd5 Bd8 9. d3 c6 10. Bf4 cxd5 11. Bxd6 Re8+ 12. Kd1 Ba5 13. Nf3 Nc6 14. a3
Nd4 15. c3 Nb5 16. Be5 d6 17. Nd4 Nxc3+ 18. Kc1 Rxe5 19. bxc3 Bxc3 20. Rb1 Bxd4
21. Kc2 Bxf2 22. h4 b6 23. Rh2 Bg4 24. g3 Bxg3 25. Rg2 Re3 26. Rb4 Bh3 27. Rg1
Rc8+ 28. Kd2 Rf3 29. Bxh3 Bh2 30. Bxc8 Bxg1 31. Bg4 Rf2+ 32. Ke1 Rh2 33. h5 Bc5
34. Rb3 h6 35. a4 Rh1+ 36. Ke2 Rh2+ 37. Kf3 Rf2+ 38. Kg3 Ra2 39. Bd7 Rf2 40. Bc6
Rf5 41. Kg4 Rg5+ 42. Kh4 Bf2+ 43. Kh3 Rxh5+ 44. Kg2 Be3 45. Kf3 d4 46. Ke2 Rc5
47. Be4 g5 48. Ra3 g4 49. Ra1 g3 50. Kf1 h5 51. Kg2 h4 52. Rh1 Rc2+ 53. Kf3 g2
0-1

[Event "AUTO-OPEN-1338"]
[Site "http://www.queenalice.com/game.php?id=494117"]
[Date "2008.11.16"]
[Round "1"]
[White "zolaweed"]
[Black "ramgds"]
[Result "1-0"]
[WhiteElo "1826"]
[BlackElo "1374"]

1. e4 e5 2. Nf3 Qf6 3. c3 Qf4 4. d4 Qxe4+ 5. Qe2 Qxe2+ 6. Bxe2 e4 7. Ng5 Nf6 8.
Be3 h6 9. Nh3 d6 10. Nd2 Bxh3 11. gxh3 Be7 12. O-O-O O-O 13. Rhg1 g5 14. h4 Nd5
15. hxg5 hxg5 16. h4 Nxe3 17. fxe3 f6 18. Nxe4 Nd7 19. Bc4+ Kh8 20. hxg5 fxg5
21. Nxg5 Bxg5 22. Rh1+ Kg7 23. Rdg1 Kf6 24. Rg3 Nb6 25. Rf1+ Ke7 26. Bd3 Rxf1+
27. Bxf1 Bh4 28. Rg7+ Kf6 29. Rxc7 Rb8 30. Kc2 Bg5 31. e4 Bf4 32. b3 d5 33. e5+
Ke6 34. Bh3# 1-0

[Event "AUTO-OPEN-1338"]
[Site "http://www.queenalice.com/game.php?id=494118"]
[Date "2008.11.16"]
[Round "1"]
[White "ramgds"]
[Black "zolaweed"]
[Result "0-1"]
[WhiteElo "1380"]
[BlackElo "1824"]

1. e4 c5 2. Qf3 e6 3. d3 Nc6 4. Qf4 e5 5. Qf5 d6 6. Qg5 Nf6 7. Nc3 Be7 8. Qxg7
Rg8 9. Qh6 Be6 10. Bg5 Rg6 11. Qh4 Qd7 12. Bxf6 Bxf6 13. Qxh7 O-O-O 14. Nf3 Rh8
15. Ng5 Rxg5 16. Qxh8+ Bxh8 17. h4 Rh5 18. Be2 Rh6 19. O-O-O Nd4 20. b3 Qe7 21.
g3 b5 22. a4 b4 23. Nd5 Bxd5 24. exd5 Nxe2+ 25. Kd2 Nc3 26. Ra1 e4 27. Rhe1 f5
28. Rg1 Nxd5 29. a5 Bxa1 30. Rxa1 Qe5 31. Rg1 Qc3+ 32. Kc1 Qa1+ 33. Kd2 Qxg1 0-1

[Event "AUTO-INT-1198"]
[Site "http://www.queenalice.com/game.php?id=537669"]
[Date "2009.2.9"]
[Round "1"]
[White "ramgds"]
[Black "nonpop"]
[Result "0-1"]
[WhiteElo "1462"]
[BlackElo "1793"]

1. e4 c5 2. Qf3 Nc6 3. Bc4 Nf6 4. Bd5 Nxd5 5. exd5 Ne5 6. Qe3 d6 7. f4 Ng4 8.
Qf3 e5 9. f5 Nf6 10. Nc3 g6 11. fxg6 hxg6 12. Nb5 b6 13. d3 a6 14. Na3 Bb7 15.
c4 b5 16. Bg5 Bg7 17. cxb5 Bxd5 18. Qe2 Qa5+ 19. Kf1 Rh5 0-1

[Event "AUTO-INT-1198"]
[Site "http://www.queenalice.com/game.php?id=537670"]
[Date "2009.2.9"]
[Round "1"]
[White "nonpop"]
[Black "ramgds"]
[Result "1-0"]
[WhiteElo "1763"]
[BlackElo "1449"]

1. e4 e5 2. Nf3 Nc6 3. Nc3 Bb4 4. a3 Bxc3 5. bxc3 Nf6 6. Qe2 d6 7. d4 exd4 8.
cxd4 Bg4 9. h3 Bxf3 10. Qxf3 Nxd4 11. Qd1 Nc6 12. Bd3 O-O 13. O-O Qe7 14. Re1
Qe5 15. Rb1 Rae8 16. Rxb7 Re7 17. Bb5 Na5 18. f4 Qc5+ 19. Be3 Qc3 20. a4 Nxb7
21. Bd4 Qg3 22. Bxf6 Re6 23. Bc3 1-0

[Event "AUTO-OPEN-1436"]
[Site "http://www.queenalice.com/game.php?id=537674"]
[Date "2009.2.9"]
[Round "1"]
[White "silverado"]
[Black "ramgds"]
[Result "1-0"]
[WhiteElo "1786"]
[BlackElo "1461"]

1. d4 Nc6 2. e4 Nf6 3. Nc3 e6 4. Bg5 h6 5. Bxf6 Qxf6 6. Nf3 Bb4 7. Bd3 Bxc3+ 8.
bxc3 O-O 9. e5 Qf4 10. g3 Qg4 11. h3 Qh5 12. g4 1-0

[Event "AUTO-OPEN-1436"]
[Site "http://www.queenalice.com/game.php?id=537675"]
[Date "2009.2.9"]
[Round "1"]
[White "ramgds"]
[Black "silverado"]
[Result "0-1"]
[WhiteElo "1459"]
[BlackElo "1804"]

1. e4 e5 2. Qf3 Nf6 3. Nh3 b6 4. Bc4 Bb7 5. d3 h6 6. Qf5 Qe7 7. O-O g6 8. Qf3
Nc6 9. c3 Na5 10. Na3 Bg7 11. b4 Nxc4 12. Nxc4 d5 13. Ne3 dxe4 14. dxe4 Bxe4 15.
Qe2 Nh5 16. Qb5+ c6 0-1

[Event "AUTO-OPEN-1436"]
[Site "http://www.queenalice.com/game.php?id=537723"]
[Date "2009.2.9"]
[Round "1"]
[White "jhitalo"]
[Black "ramgds"]
[Result "1-0"]
[WhiteElo "1758"]
[BlackElo "1457"]

1. e4 e5 2. Nf3 Nc6 3. Bb5 Nd4 4. Bc4 Nxf3+ 5. Qxf3 Nh6 6. d3 Bb4+ 7. c3 Bc5 8.
Bxh6 O-O 9. Qg3 Qf6 10. Be3 Bxe3 11. Qxe3 Qg6 12. O-O d6 13. Nd2 Bd7 14. Nb3 b5
15. Bxb5 Bxb5 16. c4 Bd7 17. f4 Rfb8 18. fxe5 dxe5 19. Qc5 1-0